| 000 | 02707nam0a2200433 4500 | ||
|---|---|---|---|
| 001 | RU\NLR\BIBL_A\012463458 | ||
| 005 | 20241121114011.0 | ||
| 010 |
_a978-5-00097-941-9 _950 |
||
| 021 |
_aRU _bКН-П-20-066479 _9КН-П-20-4993 |
||
| 035 | _a(NLR Aleph) 012463458 | ||
| 035 | _a(RuMoRGB)010461155 | ||
| 090 |
_a12037663 _c12037663 |
||
| 100 | _a20210301d2020 u y0rusy50 ca | ||
| 101 | 0 | _arus | |
| 102 | _aRU | ||
| 105 | _a |||j|||001zy | ||
| 181 | 0 |
_ai3 _baxxe |
|
| 182 | 0 | _an | |
| 200 | 1 |
_aИнтегрированная защита растений (зерновые культуры) _eучебное пособие _eпо направлению подготовки 35.04.04 Агрономия, направленность "Защита и карантин растений" _fН. Н. Нещадим, Э. А. Пикушова, Е. Ю. Веретельник, Н. М. Смоляная _gМинистерство сельского хозяйства Российской Федерации, ФГБОУ ВО "Кубанский государственный аграрный университет имени И. Т. Трубилина" |
|
| 203 |
_aТекст _bвизуальный _cнепосредственный |
||
| 205 | _a2-е изд., перераб. и доп. | ||
| 210 |
_aКраснодар _cКубГАУ _d2020 |
||
| 215 |
_a326, [2] с. _cил., табл., цв. ил. _d29 |
||
| 300 | _aАвт. указаны на обороте тит. с. | ||
| 320 | _aБиблиогр.: с. 288-290 (69 назв.) | ||
| 320 | _aПредм. указ.: с. 321-326 | ||
| 606 | 1 |
_aЗерновые культуры _jУчебные издания для высших учебных заведений _xБолезни и вредители _xБорьба с ними _xИнтегрированные методы _91120374 _3RU\NLR\AUTH\66443818 |
|
| 686 | 1 | _aП491.12-5я73 | |
| 701 | 1 |
_aНещадим _bН. Н. _gНиколай Николаевич |
|
| 701 | 1 |
_aПикушова _bЭ.А. _gЭмилия Александровна |
|
| 701 | 1 |
_aВеретельник _bЕ. Ю. _cканд. биол. наук _gЕлена Юрьевна _9226711 _3RU\NLR\AUTH\770226767 |
|
| 701 | 1 |
_aСмоляная _bН. М. _gНаталья Михайловна |
|
| 712 | 0 | 2 |
_4475 _aКубанский государственный аграрный университет им. И. Т. Трубилина _cКраснодар _92644546 _3RU\NLR\AUTH\880618071 |
| 942 | _cBOOK | ||
| 980 | _aNBR | ||
| 980 | _aNB | ||